Revista de legislació social : publicació de l'Oficina del Treball Lex publicació de l'Oficina del Treball Lex
Descripción Física:
3 vols. ; periodicitat: mensual ; 22 cm
MARC
| LEADER | 00000nas a2200000 a 4500 | ||
|---|---|---|---|
| 001 | 28257 | ||
| 003 | AGDB | ||
| 005 | 20260324175343.0 | ||
| 008 | 160829s9999 xx 000 0 cat d | ||
| 040 | |a agdb |b cat | ||
| 245 | |a Revista de legislació social : |b publicació de l'Oficina del Treball Lex | ||
| 260 | |a Barcelona : |b Oficina del Treball Lex ; |c 1935- | ||
| 300 | |a 3 vols. ; |b periodicitat: mensual ; |c 22 cm | ||
| 362 | |a Vol.1, núm.1 (1935)- | ||
| 504 | |a Bibliografia | ||
| 590 | |a Descripció basada en: Any 1, núm. 2 (ag. 1935). | ||
| 650 | |a Dret del treball |x Legislació |x Espanya |x Revistes |9 28691 | ||
| 655 | 0 | |9 55823 |a Revistes | |
| 710 | 2 | |9 69882 |a Oficina del Treball Lex | |
| 866 | |a 1935 (2) | ||
| 866 | |a 1936 (7 ; 13) | ||
| 901 | |a Arxiu | ||
| 942 | |n 1 |2 udc |c REV | ||
| 952 | |0 0 |1 0 |4 0 |6 REV2302 |7 1 |9 44908 |a Arxiu |b Arxiu |d 2016-12-01 |h Núm. 2 (agost 1935) ; Núm. 7 (gener 1936) ; Núm. 13 (juliol 1936) |o Rev-2302 |p 28257 |r 2016-12-01 00:00:00 |w 2016-12-01 |y ARXIU | ||
| 999 | |c 47507 |d 47507 | ||